000 00755nam a2200253 a 4500
001 54188
003 BD-RjUL
005 20211209080102.0
008 161102s1982 e a b 001 0 eng
020 _a0070157855
035 _a(BD-RjUL) 54310
040 _aDLC
_cDLC
_dBD-RjUL
_beng
041 _aeng
082 0 0 _a004
_223
_bDAC 1982
100 1 _aDavis, Gordon Bitter.
_9161740
245 1 0 _aComputer data processing
_cGordon B. Davis,
250 _a2d ed.
260 _aLondon :
_bMcGraw-Hill
_cc1981 [Reprinting 1982]
300 _ax, 662 p. :
_bill. ;
_c25 cm.
504 _aIncludes Bibliographical References and Index
650 0 _aElectronic data processing.
_9161741
650 0 _aElectronic digital computers.
_9161742
942 _2ddc
_cBK
999 _c54188
_d54188